[Event "GER-chT U20"]
[Site "Willingen"]
[Date "2021.06.26"]
[Round "6"]
[White "Boldt, Timo"]
[Black "Niemann, Leon Pascal"]
[Result "0-1"]
[WhiteElo "1648"]
[BlackElo "1838"]
[PlyCount "111"]
[EventDate "2021.06.24"]
[EventType "team-swiss"]
[EventRounds "7"]
[EventCountry "GER"]
[SourceTitle "CBM 203 Extra"]
[Source "ChessBase"]
[SourceDate "2021.09.30"]
[SourceVersion "1"]
[SourceVersionDate "2021.09.30"]
[SourceQuality "1"]
[WhiteTeam "Kreuzberg"]
[BlackTeam "Lehrte"]
[WhiteTeamCountry "GER"]
[BlackTeamCountry "GER"]

1. c4 Nf6 2. Nc3 c5 3. e4 Nc6 4. g3 g6 5. Bg2 Bg7 6. Nge2 0-0 7. 0-0 Ne8 8. f4 d6 9. d3 Nc7 10. Be3 Ne6 11. Qd2 Ned4 12. h3 Rb8 13. Rab1 a6 14. a4 b5 15. axb5 axb5 16. b3 Qa5 17. cxb5 Nxb5 18. Nxb5 Qxb5 19. d4 cxd4 20. Nxd4 Nxd4 21. Bxd4 Bxd4+ 22. Qxd4 Be6 23. b4 Rfc8 24. Qa7 Rb7 25. Qa5 Rcb8 26. Qxb5 Rxb5 27. Rfc1 Rxb4 28. Rxb4 Rxb4 29. Rc7 Kf8 30. Kf2 f5 31. exf5 Bxf5 32. Ra7 Kf7 33. Bd5+ Be6 34. Bxe6+ Kxe6 35. Kf3 Rb3+ 36. Kf2 h5 37. h4 Kf6 38. Ra6 Kf5 39. Ra5+ e5 40. fxe5 dxe5 41. Ra8 Kg4 42. Rg8 Rf3+ 43. Ke2 Rxg3 44. Rxg6+ Kxh4 45. Re6 Rg5 46. Kf3 Rf5+ 47. Ke4 Rf1 48. Rg6 Re1+ 49. Kf3 Ra1 50. Rg2 Ra4 51. Rg1 Rf4+ 52. Ke3 Rg4 53. Re1 Kg5 54. Kf3 Kf5 55. Re2 Ra4 56. Rh2 0-1

[Event "GER-chT U20"]
[Site "Willingen"]
[Date "2021.06.26"]
[Round "5"]
[White "Englaender, Leon Arne"]
[Black "Boldt, Timo"]
[Result "1/2-1/2"]
[WhiteElo "1769"]
[BlackElo "1648"]
[PlyCount "40"]
[EventDate "2021.06.24"]
[EventType "team-swiss"]
[EventRounds "7"]
[EventCountry "GER"]
[SourceTitle "CBM 203 Extra"]
[Source "ChessBase"]
[SourceDate "2021.09.30"]
[SourceVersion "1"]
[SourceVersionDate "2021.09.30"]
[SourceQuality "1"]
[WhiteTeam "Biebertal"]
[BlackTeam "Kreuzberg"]
[WhiteTeamCountry "GER"]
[BlackTeamCountry "GER"]

1. e4 c5 2. Nc3 e6 3. g3 Nc6 4. Bg2 g6 5. d3 Bg7 6. Be3 d6 7. Qd2 Rb8 8. Nge2 Nd4 9. f3 Ne7 10. Nd1 b5 11. c3 Nxe2 12. Qxe2 0-0 13. Qd2 f5 14. Bh6 e5 15. Bxg7 Kxg7 16. 0-0 f4 17. g4 g5 18. b4 cxb4 19. cxb4 Be6 20. Nc3 Rc8 1/2-1/2

[Event "Rostock SSC op 13th"]
[Site "Rostock"]
[Date "2014.07.26"]
[Round "6"]
[White "Boldt, Timo"]
[Black "Schubert, Monique"]
[Result "0-1"]
[WhiteElo "1124"]
[BlackElo "1244"]
[PlyCount "58"]
[EventDate "2014.07.23"]
[EventType "swiss"]
[EventRounds "7"]
[EventCountry "GER"]
[SourceTitle "EXT 2018"]
[Source "ChessBase"]
[SourceDate "2017.10.13"]
[SourceVersion "1"]
[SourceVersionDate "2017.10.13"]
[SourceQuality "1"]

1. d4 d5 2. c4 c6 3. Nc3 Bf5 4. cxd5 cxd5 5. Qb3 e6 6. Qxb7 Nd7 7. Nf3 Ngf6 8. Bg5 Be7 9. Bxf6 Nxf6 10. Qc6+ Kf8 11. e3 g6 12. Nh4 Ne4 13. Nxf5 gxf5 14. Nxe4 fxe4 15. a3 Qa5+ 16. Qc3 Qb6 17. b4 Kg7 18. Be2 Rhc8 19. Qb3 Qc7 20. 0-0 Bd6 21. h3 Rab8 22. Rac1 Qxc1 23. Rxc1 Rxc1+ 24. Bd1 Rbc8 25. Kf1 R8c3 26. Qa4 Ra1 27. Ke2 Rcxa3 28. Qc6 R3a2+ 29. Bc2 Bxb4 0-1

[Event "Rostock SSC op 13th"]
[Site "Rostock"]
[Date "2014.07.25"]
[Round "4"]
[White "Boldt, Timo"]
[Black "Baatz, Karl Heinz"]
[Result "0-1"]
[WhiteElo "1124"]
[BlackElo "1807"]
[PlyCount "52"]
[EventDate "2014.07.23"]
[EventType "swiss"]
[EventRounds "7"]
[EventCountry "GER"]
[SourceTitle "EXT 2018"]
[Source "ChessBase"]
[SourceDate "2017.10.13"]
[SourceVersion "1"]
[SourceVersionDate "2017.10.13"]
[SourceQuality "1"]

1. d4 c5 2. d5 d6 3. c4 e5 4. h3 f5 5. f4 Qh4+ 6. Kd2 Qxf4+ 7. Ke1 Qh4+ 8. Kd2 Qxc4 9. Nc3 Qd4+ 10. Ke1 Qxd1+ 11. Kxd1 Bd7 12. Nf3 Na6 13. a3 Nc7 14. a4 Nf6 15. e4 Nxe4 16. Nxe4 fxe4 17. Ng5 Be7 18. Nxe4 Nxd5 19. Bg5 Bxg5 20. Nxd6+ Ke7 21. Nxb7 Ne3+ 22. Ke2 Rhb8 23. Nxc5 Rxb2+ 24. Kf3 Rf8+ 25. Ke4 Kd6 26. Nd3 Bf5+ 0-1

[Event "Rostock SSC op 13th"]
[Site "Rostock"]
[Date "2014.07.23"]
[Round "2"]
[White "Boldt, Timo"]
[Black "Leddin, Mathias"]
[Result "1/2-1/2"]
[WhiteElo "1124"]
[BlackElo "1657"]
[PlyCount "40"]
[EventDate "2014.07.23"]
[EventType "swiss"]
[EventRounds "7"]
[EventCountry "GER"]
[SourceTitle "EXT 2018"]
[Source "ChessBase"]
[SourceDate "2017.10.13"]
[SourceVersion "1"]
[SourceVersionDate "2017.10.13"]
[SourceQuality "1"]

1. d4 d5 2. c4 e6 3. Nc3 Be7 4. cxd5 exd5 5. Nf3 Nf6 6. Bg5 0-0 7. e3 Bg4 8. Bxf6 Bxf6 9. Qb3 Be6 10. Qxb7 Nd7 11. Nxd5 Rb8 12. Nxf6+ Nxf6 13. Qxa7 Rxb2 14. Bd3 Bd5 15. Be2 Qd6 16. Qc5 Qxc5 17. dxc5 Rfb8 18. Bd3 Bxa2 19. 0-0 Bd5 20. Ra7 R2b3 1/2-1/2